000 00552nam a2200205Ia 4500
005 20250923144242.0
008 008 250917s9999 xx 000 0 eng d
037 _aTextual
040 _aDSWL
_beng
_cDSWL
041 _aeng
_2eng
084 _aYX;5B-26:8, N41
_qDSWL
100 _aSwift, A.L
_9822870
245 0 _aMake your agency move effective
_cby A.L Swift
260 _aNew York
_c1941
300 _a322 p.
365 _aINR
_b3
925 _g3
942 _cTEXL
_hYX;5B-26:8, N41
999 _c1436629
_d1436629